Zákon o ochrane pred dumpingom pri dovoze tovaru v SR

Dumping a antidumpingové clo v ekonomickej teórii. Ekonomická podstata dumpingu. Druhy antidumpingových opatrení a ekonomická podstata antidumpingového cla. Sadzby antidumpingového cla. Less-than-dumping-margin-clause.

Salvato in:
Dettagli Bibliografici
Autore principale: Kubicová, Jana, 1961-
Natura: Capitolo di libro
Lingua:slovacco
Soggetti:
Tags: Aggiungi Tag
Nessun Tag, puoi essere il primo ad aggiungerne!!

MARC

LEADER 00000naa a2200000 4500
001 r033005
005 20230911132025.7
041 0 |a slo 
044 |a SK 
245 1 0 |a Zákon o ochrane pred dumpingom pri dovoze tovaru v SR  |c Jana Kubicová 
520 |a Dumping a antidumpingové clo v ekonomickej teórii. Ekonomická podstata dumpingu. Druhy antidumpingových opatrení a ekonomická podstata antidumpingového cla. Sadzby antidumpingového cla. Less-than-dumping-margin-clause. 
610 2 0 |a clá antidumpingové 
610 2 0 |a dovoz 
610 2 0 |a ochrana colná 
610 2 0 |a Slovensko 
610 2 0 |a dumping 
610 2 0 |a zákony 
100 1 |a Kubicová, Jana, 1961-